|
|
|
|
| LEADER |
01674nam a2200493 4500 |
| 001 |
ocn894124309 |
| 003 |
OCoLC |
| 005 |
20170124071021.5 |
| 006 |
m o d |
| 007 |
cr |n||||||||| |
| 008 |
141031s2014 xx o 000 0 eng d |
| 040 |
|
|
|a IDEBK
|b eng
|e pn
|c IDEBK
|d DG1
|d OCLCF
|d OCLCQ
|d DEBBG
|d OCLCQ
|d GrThAP
|
| 020 |
|
|
|a 1322214662
|q (electronic bk.)
|
| 020 |
|
|
|a 9781322214665
|q (electronic bk.)
|
| 020 |
|
|
|a 9781118945056
|q (electronic bk.)
|
| 020 |
|
|
|a 1118945050
|q (electronic bk.)
|
| 029 |
1 |
|
|a CHBIS
|b 010442263
|
| 029 |
1 |
|
|a CHVBK
|b 334087007
|
| 029 |
1 |
|
|a DEBBG
|b BV043397243
|
| 029 |
1 |
|
|a NZ1
|b 15913241
|
| 035 |
|
|
|a (OCoLC)894124309
|
| 037 |
|
|
|a 652746
|b MIL
|
| 043 |
|
|
|a n-us---
|
| 050 |
|
4 |
|a HJ9801
|
| 082 |
0 |
4 |
|a 657.83500973
|2 23
|
| 049 |
|
|
|a MAIN
|
| 100 |
1 |
|
|a Flood, Joanne M.
|
| 245 |
1 |
0 |
|a Wiley GAAP 2015.
|
| 264 |
|
1 |
|b Wiley,
|c 2014.
|
| 300 |
|
|
|a 1 online resource
|
| 336 |
|
|
|a text
|b txt
|2 rdacontent
|
| 337 |
|
|
|a computer
|b c
|2 rdamedia
|
| 338 |
|
|
|a online resource
|b cr
|2 rdacarrier
|
| 588 |
0 |
|
|a Print version record.
|
| 650 |
|
0 |
|a Finance, Public
|x Accounting
|x Standards
|z United States.
|
| 650 |
|
0 |
|a Local finance
|x Accounting
|x Standards
|z United States.
|
| 650 |
|
0 |
|a Accounting
|x Standards
|z United States.
|
| 650 |
|
7 |
|a Accounting
|x Standards.
|2 fast
|0 (OCoLC)fst00795458
|
| 650 |
|
7 |
|a Finance, Public
|x Accounting
|x Standards.
|2 fast
|0 (OCoLC)fst00924494
|
| 650 |
|
7 |
|a Local finance
|x Accounting
|x Standards.
|2 fast
|0 (OCoLC)fst01001260
|
| 651 |
|
7 |
|a United States.
|2 fast
|0 (OCoLC)fst01204155
|
| 655 |
|
4 |
|a Electronic books.
|
| 856 |
4 |
0 |
|u https://doi.org/10.1002/9781118945056
|z Full Text via HEAL-Link
|
| 994 |
|
|
|a 92
|b DG1
|